| 000 | 00539nam a2200193Ia 4500 | ||
|---|---|---|---|
| 005 | 20250317131309.0 | ||
| 008 | 008 250317s9999 xx 000 0 eng d | ||
| 020 | _a1-86152-640-7 | ||
| 037 | _aTextbook | ||
| 040 |
_aFMSL _beng _cFMSL |
||
| 041 |
_aeng _2eng |
||
| 084 |
_aX9(U8) P1 _qFMSL |
||
| 100 |
_aPage S J _9288886 |
||
| 245 | 0 | _aTourism: A Modern Synthesis | |
| 260 |
_aItaly _bItaly, Thomson Learning _c2001 |
||
| 300 | _axx,475 | ||
| 942 |
_cTB _hX9(U8) P1 |
||
| 999 |
_c1267540 _d1267540 |
||